书目信息 |
| 题名: |
餐饮空间设计
|
|
| 作者: | 杨婉 主编 | |
| 分册: | ||
| 出版信息: | 武汉 华中科技大学出版社 2016.3 |
|
| 页数: | 118页 | |
| 开本: | 29cm | |
| 丛书名: | 高等院校艺术设计专业“十二五”规划教材 | |
| 单 册: | ||
| 中图分类: | TU247.3 | |
| 科图分类: | ||
| 主题词: | 饮食业--yin shi ye--服务建筑--室内装饰设计--高等学校--教材 | |
| 电子资源: | ||
| ISBN: | 978-7-5680-1528-8 | |
| 000 | 01282nam 2200289 450 | |
| 001 | 0100004725 | |
| 005 | 20160531114719.5 | |
| 010 | @a978-7-5680-1528-8@dCNY43.00 | |
| 100 | @a20160416d2016 em y0chiy0121 ea | |
| 101 | 0 | @achi |
| 102 | @aCN@b420000 | |
| 105 | @aak a 000yy | |
| 106 | @ar | |
| 200 | 1 | @a餐饮空间设计@Acan yin kong jian she ji@f主编杨婉 |
| 210 | @a武汉@c华中科技大学出版社@d2016.3 | |
| 215 | @a118页@c图 (部分彩图)@d29cm | |
| 225 | 2 | @a高等院校艺术设计专业“十二五”规划教材@Agao deng yuan xiao yi shu she ji zhuan ye “shi er wu ”gui hua jiao cai |
| 304 | @a题名页题: 参编黄秦超, 邓毅, 王瑶, 陈媛媛 | |
| 320 | @a有书目 | |
| 330 | @a本书的内容包括餐饮空间的概述、餐饮空间的组织与各类设计要素、餐饮空间的设计过程及表达、各类餐饮空间的设计及快 题表现、餐饮空间室内设计实例等。 在本书的X后, 还精选了国内外优秀项目案例, 以供读者从中汲取养分, 启发设计创意。本书在编写过程中注重把感性认识 与理性思维方法结合起来, 意在体现本书的实践性、实用性和实效性。 | |
| 333 | @a艺术设计专业相关人员 | |
| 410 | 0 | @12001 @a高等院校艺术设计专业“十二五”规划教材 |
| 606 | 0 | @a饮食业@Ayin shi ye@x服务建筑@x室内装饰设计@x高等学校@j教材 |
| 690 | @aTU247.3@v5 | |
| 701 | 0 | @a杨婉@Ayang wan@4主编 |
| 801 | 0 | @aCN@c20160515 |
| 905 | @a河南城建学院图书馆@dTU247.3@eY295 | |
| 餐饮空间设计/主编杨婉.-武汉:华中科技大学出版社,2016.3 |
| 118页:图 (部分彩图);29cm.-(高等院校艺术设计专业“十二五”规划教材) |
| 使用对象:艺术设计专业相关人员 |
| ISBN 978-7-5680-1528-8:CNY43.00 |
| 本书的内容包括餐饮空间的概述、餐饮空间的组织与各类设计要素、餐饮空间的设计过程及表达、各类餐饮空间的设计及快 题表现、餐饮空间室内设计实例等。 在本书的X后, 还精选了国内外优秀项目案例, 以供读者从中汲取养分, 启发设计创意。本书在编写过程中注重把感性认识 与理性思维方法结合起来, 意在体现本书的实践性、实用性和实效性。 |
| ● |
| 相关链接 |
|
|
|
正题名:餐饮空间设计
索取号:TU247.3/Y295
 
预约/预借
| 序号 | 登录号 | 条形码 | 馆藏地/架位号 | 状态 | 备注 |
| 1 | 1253603 | 212536031 | 建筑库101/101建筑库 70排1列2层/ [索取号:TU247.3/Y295] | 在馆 | |
| 2 | 1253604 | 212536040 | 建筑库101/101建筑库 70排1列2层/ [索取号:TU247.3/Y295] | 在馆 | |
| 3 | 1253605 | 212536059 | 建筑库101/101建筑库 70排1列2层/ [索取号:TU247.3/Y295] | 在馆 |